Construction contracts : law and management

Bibliographic Details
Main Author: Murdoch, John
Other Authors: Hughes, Will
Format: Book
Language:English
Published: London : E & FN Spon , 1992
Subjects:

MARC

LEADER 00000cam a2200000 7i4500
001 0000027243
005 20170119.0
008 170111 -uk eng
020 |a 041917060X 
040 |a INS 
090 0 0 |a HF5686.B7   |b M87 1992 
100 1 |a Murdoch, John 
245 1 0 |a Construction contracts :   |b law and management   |c John Murdoch, Will Hughes 
260 |a London :   |b E & FN Spon ,   |c 1992 
300 |a xxii., 407 
500 |a Includes index 
650 0 |a Construction contracts   |x legal status, laws, etc. 
700 1 |a Hughes, Will 
999 |a 0000022449   |b BOOK   |c Open Shelf   |e Default branch